| 000 | 00624nam a2200217Ii 4500 | ||
|---|---|---|---|
| 003 | JO-AjNU | ||
| 008 | 230606s9999||||xx |||||||||||||| ||und|| | ||
| 020 | _a978-81-239-1506-7 | ||
| 040 |
_aJO-AjNU _beng _erda _cJO-AjNU |
||
| 041 | _aeng | ||
| 050 | 1 | 4 | _aTA775 2014 |
| 100 | 3 |
_aMurthy, _eauthor _95129 |
|
| 245 | 0 | 0 | _aAdvanced foundation engineering |
| 264 | 3 | 1 | _aNew Delhi:cbs ,2014 |
| 300 | _a792p | ||
| 336 |
_atext _btxt _2rdacontent |
||
| 337 |
_aunmediated _bn _2rdamedia |
||
| 338 |
_avolume _bnc _2rdacarrier |
||
| 490 | 0 | _aGeotechnical Engineering series | |
| 650 | 4 |
_aAdvanced foundation engineering _95130 |
|
| 999 |
_aE2652 _c2650 _d2650 |
||